| 000 | 01374nam a2200265Ia 4500 | ||
|---|---|---|---|
| 999 |
_c41960 _d41960 |
||
| 001 | 8644 | ||
| 003 | GE_BSU | ||
| 005 | 20240524145316.0 | ||
| 008 | 181216s2003||||ge |||||||||||||| ||geo|| | ||
| 020 | _a9992896973 | ||
| 040 | _cGE_BSU | ||
| 041 | _ageo | ||
| 080 | _a575(075.8) დ-43 | ||
| 100 |
_aდიასამიძე, ანზორ _91109 |
||
| 245 |
_aზოგადი გენეტიკა : _bსახელმძღვანელო უმაღლესი სასწ. ბიოლოგიის სპეც. სტუდენტებისათვის / _cანზორ დიასამიძე, ქეთევან დოლიძე ; რედ. შ. გოლიაძე. |
||
| 264 |
_aბათუმი : _bბათუმის სახ. უნ-ტის გამ-ბა, _c2003. |
||
| 300 |
_a493 გვ. : _bილ. ; _c21 სმ. |
||
| 541 | _h20 ლ. | ||
| 653 | _aგენეტიკა | ||
| 653 | _aზოგადი გენეტიკა | ||
| 700 |
_aდოლიძე, ქეთევან _eავტორი _9333 |
||
| 700 |
_aგოლიაძე, შ. _eრედაქტორი _95400 |
||
| 710 |
_aშოთა რუსთაველის სახელობის ბათუმის სახელმწიფო უნივერსიტეტი _922175 |
||
| 942 |
_cBK _2udc |
||